|
|
|
|
| LEADER |
00550nam a22001457a 4500 |
| 008 |
191102b ||||| |||| 00| 0 eng d |
| 999 |
|
|
|c 344379
|d 344379
|
| 020 |
|
|
|a 9781936113699
|
| 100 |
|
|
|a Ashburner,Michael and Golic,Kent G
|
| 245 |
|
|
|a Drosophila/
|b A laboratory handbook
|
| 250 |
|
|
|a 2
|
| 260 |
|
|
|a New York;
|b Cold Spring Harbor Laboratory press,
|c C2005.
|
| 300 |
|
|
|a 1409p.
|
| 942 |
|
|
|c BK
|
| 952 |
|
|
|0 0
|1 0
|2 ddc
|4 0
|6 579_790000000000000_ASH_D
|7 0
|9 396044
|a ZOO
|b ZOO
|c ST1
|d 2019-11-02
|l 1
|m 2
|o 579.79 ASH/D
|p ZOO6220
|q 2021-12-11
|r 2020-01-18
|s 2020-01-18
|w 2019-11-02
|y BK
|